Tâm lý học
Sách đã được Hội đồng thẩm định sách của Bộ Giáo dục và Đào tạo giới thiệu là sách dùng chung cho các trường CĐSP toàn quốc); aTrình bày các vấn đề cơ bản của bộ môn tâm lý học: tâm lý học là một khoa học; sự hình thành và phát triển...
সংরক্ষণ করুন:
| প্রধান লেখক: | |
|---|---|
| অন্যান্য লেখক: | |
| বিন্যাস: | গ্রন্থ |
| ভাষা: | Undetermined |
| প্রকাশিত: |
H.
Giáo dục
1998
|
| বিষয়গুলি: | |
| অনলাইন ব্যবহার করুন: | http://lrc.tdmu.edu.vn/opac/search/detail.asp?aID=2&ID=6557 |
| ট্যাগগুলো: |
ট্যাগ যুক্ত করুন
কোনো ট্যাগ নেই, প্রথমজন হিসাবে ট্যাগ করুন!
|
| Thư viện lưu trữ: | Trung tâm Học liệu Trường Đại học Thủ Dầu Một |
|---|
| LEADER | 01660nam a2200217Ia 4500 | ||
|---|---|---|---|
| 001 | TDMU_6557 | ||
| 008 | 210410s9999 xx 000 0 und d | ||
| 082 | |a 150 | ||
| 090 | |b PH104 | ||
| 100 | |a Phạm, Minh Hạc | ||
| 245 | 0 | |a Tâm lý học | |
| 245 | 0 | |c Phạm Minh Hạc (chủ biên), Phạm Hoàng Gia, Trần Trọng Thủy, Nguyễn Quang Uẩn | |
| 260 | |a H. | ||
| 260 | |b Giáo dục | ||
| 260 | |c 1998 | ||
| 300 | |a 244tr. | ||
| 520 | |a Sách đã được Hội đồng thẩm định sách của Bộ Giáo dục và Đào tạo giới thiệu là sách dùng chung cho các trường CĐSP toàn quốc); aTrình bày các vấn đề cơ bản của bộ môn tâm lý học: tâm lý học là một khoa học; sự hình thành và phát triển tâm lí - ý thức; hoạt động giao tiếp, nhân cách;các khái niệm về chú ý, trí nhớ, nhận thức. Đặc biệt, tài liệu có đề cập đến tâm lý học về hoạt động dạy - học và giáo dục; và một số vấn đề về tâm lý học nhân cách của người thầy giáo.; TH Tâm lý học; TH Tâm lý học lứa tuổi và tâm lý học Sư phạm | ||
| 650 | |a Tâm lý; Tâm lý học; Tâm lý học đại cương; Khoa học tâm lý; Tâm lý học học đường; Tâm lý học | ||
| 700 | |a Phạm, Hoàng Gia | ||
| 856 | |u http://lrc.tdmu.edu.vn/opac/search/detail.asp?aID=2&ID=6557 | ||
| 980 | |a Trung tâm Học liệu Trường Đại học Thủ Dầu Một | ||